000 00600nam a2200181 a 4500
001 000024552
005 20200930023232.0
008 810211s1960 mx a 001 0 spa
040 _aDO-SdBNP
_bspa
_cBNPHU
082 _axxxx
_bR658a
100 1 _aRobinson, Joan
_950326
240 1 0 _aThe accumulation of capital
_lEspañol
245 1 3 _aLa acumulación del capital /
_cJoan Robinson ; traducción Edmundo Flores.
260 _aMéxico, D. F. :
_bFondo de Cultura Económica,
_c1960.
300 _a453 p. :
_bil. ;
_c22 cm.
590 _aInventariado, 2019/BT
700 1 _aFlores, Edmundo,
_etr.
_950327
999 _c24045
_d24045